000 00263nam a2200121Ia 4500
008 190216s9999||||xx |||||||||||||| ||und||
100 _aHarben Singh
245 0 _aHindi-Bullshah
260 _bSahithya Accadamy
300 _a166
650 _aHindi
942 _cBK
999 _c16250
_d16250